| 000 | 01520 a2200253 4500 | ||
|---|---|---|---|
| 003 | Nust | ||
| 005 | 20170207154019.0 | ||
| 010 | _a 98030005 | ||
| 020 | _a0849398045 (alk. paper) | ||
| 040 | _cNust | ||
| 082 | 0 | 0 | _a006.32 |
| 245 | 0 | 0 |
_aFusion of neural networks, fuzzy sets, and genetic algorithms - (E-BOOK) _cedited by Lakhmi C. Jain, N.M. Martin. |
| 260 |
_aBoca Raton : _bCRC press, _cc1998. |
||
| 300 |
_a354 p. : _bill. ; _c25 cm. |
||
| 440 | 4 | _aThe CRC Press international series on computational intelligence | |
| 505 | _aIntroduction To Neural Networks, Fuzzy Systems, Genetic Algorithms, And Their Fusion (Page-1), A New Fuzzy-Neural Controller (Page-44), Expert Knowledge-Based Direct Frequency Converter Using Fuzzy Logic Control (Page-71), Design Of An Electro-Hydraulic System Using Neuro-Fuzzy Techniques (Page-118), Neural Fuzzy Based Intelligent Systems And Applications (Page-155), Vehicle Routing Through Simulation Of Natural Processes (Page-200), Fuzzy Logic And Neural Networks In Fault Detection (Page-225), Fuzzy Expert Systems In ATM Networks (Page-245), Multimedia Telephone For Hearing-Impaired People (Page-270), Multi-Objective Evolutionary Algorithms In Gas Turbine Aero-Engine Control (Page-290). | ||
| 650 | 0 | _aFuzzy sets. | |
| 650 | 0 | _aGenetic algorithms. | |
| 650 | 0 | _aNeural networks (Computer science) | |
| 651 | _aE-BOOK | ||
| 700 | 1 | _aJain, L. C. | |
| 700 | 1 | _aMartin, N. M. | |
| 856 | 4 | 2 |
_3Publisher description _uhttp://www.loc.gov/catdir/enhancements/fy0803/98030005-d.html |
| 942 |
_2ddc _cBK |
||
| 999 |
_c191576 _d191576 |
||